LEADER 02114oam 22005174a 450 001 9910295756503321 005 20230621141108.0 010 $a607-628-424-2 035 $a(CKB)4100000007178919 035 $a(WaSeSS)IndRDA00124641 035 $a(OCoLC)1066115783 035 $a(MdBmJHUP)muse77609 035 $a(oapen)https://directory.doabooks.org/handle/20.500.12854/89524 035 $a(oapen)doab89524 035 $a(EXLCZ)994100000007178919 100 $a20181116d1982 uy 0 101 0 $aspa 135 $aur||||||||||| 181 $ctxt$2rdacontent 182 $cc$2rdamedia 183 $acr$2rdacarrier 200 00$aHistoria de las profesiones en México$fFrancisco Arce Gurza [and others] 205 $aPrimera edicio?n. 210 $cEl Colegio de México$d1982 210 1$a[Mexico City] :$cColegio de Mexico,$d1982. 210 4$d©1982. 215 $a1 online resource (viii, 406 pages) 320 $aIncludes bibliographical references (pages 377-394) and index. 330 $aPretendemos en este libro seguir la historia de las profesiones en México. Entendemos por profesión, la posesión de conocimientos científicos, humanísticos o artísticos especializados, adquiridos por medio de un estudio formal acreditado de alguna manera y cuyo ejercicio se hace a cambio de alguna remuneración. Este estudio se inicia con los antecedentes coloniales. No siempre han existido las mismas profesiones, ni se han concebido en la misma forma. 606 $aEDUCATION / Professional Development$2bisacsh 606 $aProfessions$2fast$3(OCoLC)fst01078551 606 $aProfessions$zMexico 607 $aMexico$2fast 608 $aElectronic books. 615 0$aEDUCATION / Professional Development 615 0$aProfessions. 615 0$aProfessions 676 $a331.7/12/0972 700 $aArce Gurza$b Francisco$4auth$0846419 701 $aArce Gurza$b Francisco$0846419 801 0$bMdBmJHUP 801 1$bMdBmJHUP 906 $aBOOK 912 $a9910295756503321 996 $aHistoria de las profesiones en Me?xico$91891038 997 $aUNINA